[Event "16PCR_ZK04"]
[Site "?"]
[Date "2005.??.??"]
[Round "?"]
[White "Celbr, Rudolf"]
[Black "Mindl, Josef"]
[Result "0-1"]
[WhiteElo "2090"]
[BlackElo "1925"]
[PlyCount "46"]
[EventDate "2005.??.??"]
[EventType "corr"]
[SourceDate "2005.02.23"]

1. c4 Nf6 2. Nc3 g6 3. d4 d5 4. cxd5 Nxd5 5. e4 Nxc3 6. bxc3 Bg7 7. Bc4 c5 8.
Ne2 Nc6 9. Be3 O-O 10. O-O Bg4 11. f3 Na5 12. Bxf7+ Rxf7 13. fxg4 Rxf1+ 14.
Kxf1 cxd4 15. cxd4 e5 16. d5 Nc4 17. Bf2 Qf6 18. Kg1 Rf8 19. Qe1 Bh6 20. Ng3
Qa6 21. Kh1 Qa4 22. Bg1 b6 23. Qe3 Bxe3 0-1

[Event "16PCR_ZK04"]
[Site "?"]
[Date "2005.??.??"]
[Round "?"]
[White "Celbr, Rudolf"]
[Black "Vyvial, Vaclav"]
[Result "0-1"]
[WhiteElo "2090"]
[BlackElo "1687"]
[PlyCount "64"]
[EventDate "2005.??.??"]
[EventType "corr"]
[SourceDate "2005.02.23"]

1. c4 e5 2. Nc3 Nf6 3. Nf3 Nc6 4. g3 Bb4 5. Bg2 O-O 6. O-O e4 7. Ng5 Bxc3 8.
bxc3 Re8 9. Qc2 Qe7 10. d3 exd3 11. exd3 Qe2 12. Qxe2 Rxe2 13. Ne4 Nxe4 14.
Bxe4 d6 15. Be3 f5 16. Bxf5 Bxf5 17. d4 Bd3 18. c5 dxc5 19. dxc5 Ne5 20. Rfd1
Rf8 21. a3 Be4 22. h3 Nd3 23. Rf1 Rf3 24. Bd4 Kf7 25. a4 a6 26. Rad1 Ke6 27. a5
g6 28. Ra1 Bc6 29. Rad1 Kd5 30. h4 Kc4 31. Rb1 Rc2 32. Rfd1 Ra2 0-1

[Event "16PCR_ZK04"]
[Site "?"]
[Date "2005.??.??"]
[Round "?"]
[White "Cvak, Rudolf"]
[Black "Janovec, Vladimir"]
[Result "1-0"]
[WhiteElo "2040"]
[BlackElo "1870"]
[PlyCount "61"]
[EventDate "2005.??.??"]
[EventType "corr"]
[SourceDate "2005.02.23"]

1. e4 e6 2. d4 d5 3. Nc3 dxe4 4. Nxe4 Bd7 5. Nf3 Bc6 6. Bd3 Nd7 7. O-O Ngf6 8.
Ng3 Be7 9. b3 O-O 10. Bb2 Re8 11. c4 a6 12. Ne5 Nxe5 13. dxe5 Nd7 14. Qc2 Nf8
15. Rad1 Qc8 16. f4 Rd8 17. a3 b5 18. f5 exf5 19. Nxf5 Qe6 20. b4 Bg5 21. h4
Be7 22. Qf2 Ng6 23. h5 Nh8 24. Qg3 Bf8 25. Nxg7 Bxg7 26. Rf6 Rxd3 27. Rxd3 Qxc4
28. e6 fxe6 29. Rf8+ Kxf8 30. Qxg7+ Ke8 31. Qxh8+ 1-0

[Event "16PCR_ZK04"]
[Site "?"]
[Date "2005.??.??"]
[Round "?"]
[White "Cvak, Rudolf"]
[Black "Lesak, Vaclav"]
[Result "1-0"]
[WhiteElo "2040"]
[BlackElo "1866"]
[PlyCount "23"]
[EventDate "2005.??.??"]
[EventType "corr"]
[SourceDate "2005.02.23"]

1. e4 c5 2. Nf3 e6 3. d4 cxd4 4. Nxd4 Nf6 5. Nc3 Bb4 6. e5 Nd5 7. Qg4 Nxc3 8.
Qxg7 Rf8 9. a3 Nb5+ 10. axb4 Nxd4 11. Bg5 Qc7 12. Bh6 1-0

[Event "16PCR_ZK04"]
[Site "?"]
[Date "2005.??.??"]
[Round "?"]
[White "Cvak, Rudolf"]
[Black "Mindl, Josef"]
[Result "1-0"]
[WhiteElo "2040"]
[BlackElo "1925"]
[PlyCount "75"]
[EventDate "2005.??.??"]
[EventType "corr"]
[SourceDate "2005.02.23"]

1. e4 e6 2. d4 d5 3. Nc3 Bb4 4. e5 c5 5. a3 Bxc3+ 6. bxc3 Qc7 7. Qg4 f5 8. Qg3
cxd4 9. cxd4 Ne7 10. Ne2 O-O 11. c3 Ng6 12. h4 Rf7 13. h5 Nf8 14. h6 g6 15. a4
b6 16. Ba3 Ba6 17. Nf4 Bxf1 18. Bxf8 Ba6 19. Bd6 Qd7 20. a5 Nc6 21. axb6 axb6
22. f3 Na5 23. Kf2 Rc8 24. Bb4 Bb7 25. Bxa5 bxa5 26. Rxa5 Rxc3 27. Qg5 Rc2+ 28.
Kg3 Rc4 29. Rb1 Bc8 30. Ra8 Rc6 31. Nh5 f4+ 32. Kh4 Qe7 33. Qxe7 Rxe7 34. Nf6+
Kf8 35. Rb6 Rc1 36. Rd6 Rec7 37. Kg5 R1c2 38. g4 1-0

[Event "16PCR_ZK04"]
[Site "?"]
[Date "2005.??.??"]
[Round "?"]
[White "Cvak, Rudolf"]
[Black "Ptacek, Jiri"]
[Result "1-0"]
[WhiteElo "2040"]
[BlackElo "1699"]
[PlyCount "45"]
[EventDate "2005.??.??"]
[EventType "corr"]
[SourceDate "2005.02.23"]

1. e4 e5 2. Nf3 Nf6 3. Nxe5 d6 4. Nf3 Nxe4 5. d4 d5 6. Bd3 Be7 7. O-O Nc6 8. c4
Nf6 9. Nc3 O-O 10. cxd5 Nxd5 11. Re1 Re8 12. Ng5 Bxg5 13. Bxg5 Rxe1+ 14. Qxe1
f6 15. Nxd5 fxg5 16. Nxc7 Rb8 17. d5 Ne7 18. Qe5 Ng6 19. Bxg6 hxg6 20. Ne8 Qd7
21. Rc1 b5 22. Qxb8 Qxe8 23. Rxc8 1-0

[Event "16PCR_ZK04"]
[Site "?"]
[Date "2005.??.??"]
[Round "?"]
[White "Cvak, Rudolf"]
[Black "Vyvial, Vaclav"]
[Result "1-0"]
[WhiteElo "2040"]
[BlackElo "1687"]
[PlyCount "47"]
[EventDate "2005.??.??"]
[EventType "corr"]
[SourceDate "2005.02.23"]

1. e4 c6 2. d4 d5 3. exd5 cxd5 4. c3 Nc6 5. Nf3 Bg4 6. Qb3 Bxf3 7. Qxb7 Nxd4 8.
cxd4 Qc8 9. Qb5+ Kd8 10. Nc3 Qe6+ 11. Be3 Qb6 12. gxf3 e6 13. Rc1 g6 14. Qe2
Rc8 15. Bh3 Bg7 16. O-O Ne7 17. Bg5 Qb7 18. Bxe6 fxe6 19. Qxe6 Re8 20. Nxd5
Rxc1 21. Rxc1 Qd7 22. Qa6 Rg8 23. Nb6 Bf6 24. Bxf6 1-0

[Event "16PCR_ZK04"]
[Site "?"]
[Date "2005.??.??"]
[Round "?"]
[White "Janovec, Vladimir"]
[Black "Cvak, Rudolf"]
[Result "0-1"]
[WhiteElo "1870"]
[BlackElo "2040"]
[PlyCount "83"]
[EventDate "2005.??.??"]
[EventType "corr"]
[SourceDate "2005.02.23"]

1. Nc3 e5 2. Nf3 Nc6 3. d4 exd4 4. Nxd4 Bc5 5. Be3 Bxd4 6. Bxd4 Nf6 7. e3 O-O
8. Be2 d6 9. O-O Be6 10. Bf3 Nxd4 11. exd4 d5 12. Re1 c6 13. Na4 b6 14. b3 Qd6
15. Rc1 Qf4 16. g3 Qd6 17. c4 dxc4 18. bxc4 Qd7 19. Nb2 Rad8 20. Rc3 b5 21. Qc1
Qxd4 22. Bxc6 Ng4 23. Re2 b4 24. Rcc2 Qc5 25. Bf3 Ne5 26. Be4 Rd4 27. Qe3 Ng4
28. Qb3 Nxf2 29. Bxh7+ Kxh7 30. Rxf2 Rfd8 31. Qf3 Bg4 32. Nd3 Qd6 33. Qxf7 Rxd3
34. Rc1 Qc5 35. Kg2 Rd1 36. Rxd1 Rxd1 37. Rf1 Rd2+ 38. Rf2 Bh3+ 39. Kxh3 Rxf2
40. Qd5 Qxd5 41. cxd5 Rxa2 42. d6 0-1

[Event "16PCR_ZK04"]
[Site "?"]
[Date "2005.??.??"]
[Round "?"]
[White "Janovec, Vladimir"]
[Black "Lesak, Vaclav"]
[Result "1-0"]
[WhiteElo "1870"]
[BlackElo "1866"]
[PlyCount "27"]
[EventDate "2005.??.??"]
[EventType "corr"]
[SourceDate "2005.02.23"]

1. Nc3 d5 2. e4 d4 3. Na4 e5 4. b3 Nf6 5. Bd3 b6 6. Nf3 Bd6 7. O-O a6 8. c3 Nc6
9. Re1 Bg4 10. Be2 Nxe4 11. Nxd4 Bxe2 12. Qxe2 Nxd4 13. cxd4 Ng5 14. Bb2 1-0

[Event "16PCR_ZK04"]
[Site "?"]
[Date "2005.??.??"]
[Round "?"]
[White "Lesak, Vaclav"]
[Black "Cvak, Rudolf"]
[Result "0-1"]
[WhiteElo "1866"]
[BlackElo "2040"]
[PlyCount "28"]
[EventDate "2005.??.??"]
[EventType "corr"]
[SourceDate "2005.02.23"]

1. d4 Nf6 2. c4 g6 3. Nc3 Bg7 4. e4 d6 5. Bd3 O-O 6. f4 Nc6 7. Nf3 e5 8. fxe5
dxe5 9. dxe5 Ng4 10. Bg5 Qd7 11. Be2 Ngxe5 12. Qxd7 Bxd7 13. O-O Nxf3+ 14. gxf3
Bh3 0-1

[Event "16PCR_ZK04"]
[Site "?"]
[Date "2005.??.??"]
[Round "?"]
[White "Lesak, Vaclav"]
[Black "Janovec, Vladimir"]
[Result "0-1"]
[WhiteElo "1866"]
[BlackElo "1870"]
[PlyCount "30"]
[EventDate "2005.??.??"]
[EventType "corr"]
[SourceDate "2005.02.23"]

1. f4 d5 2. Nf3 c5 3. e3 e6 4. d4 Nf6 5. c4 dxc4 6. Bxc4 cxd4 7. Nxd4 Be7 8.
O-O O-O 9. Nc3 Qb6 10. Nc2 Rd8 11. Qf3 Nc6 12. b3 Na5 13. Kh1 Nxc4 14. bxc4 Qa6
15. Nb5 Bd7 0-1

[Event "16PCR_ZK04"]
[Site "?"]
[Date "2005.??.??"]
[Round "?"]
[White "Lesak, Vaclav"]
[Black "Mindl, Josef"]
[Result "0-1"]
[WhiteElo "1866"]
[BlackElo "1925"]
[PlyCount "28"]
[EventDate "2005.??.??"]
[EventType "corr"]
[SourceDate "2005.02.23"]

1. Nf3 f5 2. d4 Nf6 3. g3 g6 4. Bg2 Bg7 5. c4 O-O 6. O-O d6 7. Nc3 Qe8 8. d5
Na6 9. Qb3 e5 10. dxe6 Nc5 11. Qd1 Bxe6 12. Nd5 Qd7 13. e3 Nce4 14. Qb3 Qf7 0-1

[Event "16PCR_ZK04"]
[Site "?"]
[Date "2005.??.??"]
[Round "?"]
[White "Lesak, Vaclav"]
[Black "Ptacek, Jiri"]
[Result "0-1"]
[WhiteElo "1866"]
[BlackElo "1699"]
[PlyCount "28"]
[EventDate "2005.??.??"]
[EventType "corr"]
[SourceDate "2005.02.23"]

1. d4 d5 2. Nf3 Nf6 3. Bf4 Bf5 4. e3 e6 5. Nbd2 Nbd7 6. c4 Bb4 7. a3 Bxd2+ 8.
Qxd2 O-O 9. Rc1 dxc4 10. Rxc4 c6 11. Rc1 Ne4 12. Qb4 Qb6 13. Qxb6 Nxb6 14. h3
h6 0-1

[Event "16PCR_ZK04"]
[Site "?"]
[Date "2005.??.??"]
[Round "?"]
[White "Lesak, Vaclav"]
[Black "Trs, Jan"]
[Result "0-1"]
[WhiteElo "1866"]
[BlackElo "2220"]
[PlyCount "26"]
[EventDate "2005.??.??"]
[EventType "corr"]
[SourceDate "2005.02.23"]

1. d4 Nf6 2. Nc3 d5 3. Nf3 g6 4. Bf4 Bg7 5. e3 O-O 6. Bd3 c5 7. dxc5 Nbd7 8.
Rb1 Nxc5 9. Be5 Ncd7 10. Bxf6 Nxf6 11. O-O a6 12. h3 Qc7 13. Re1 Rd8 0-1

[Event "16PCR_ZK04"]
[Site "?"]
[Date "2005.??.??"]
[Round "?"]
[White "Lesak, Vaclav"]
[Black "Vyvial, Vaclav"]
[Result "0-1"]
[WhiteElo "1866"]
[BlackElo "1687"]
[PlyCount "30"]
[EventDate "2005.??.??"]
[EventType "corr"]
[SourceDate "2005.02.23"]

1. e4 c6 2. d4 d5 3. e5 Bf5 4. Nf3 e6 5. c3 Nd7 6. Be2 c5 7. Qb3 Qc7 8. Qa4
cxd4 9. Nxd4 Qxe5 10. Nd2 Bg6 11. N2f3 Qb8 12. Bg5 a6 13. O-O Be7 14. Bxe7 Nxe7
15. Qd1 e5 0-1

[Event "16PCR_ZK04"]
[Site "?"]
[Date "2005.??.??"]
[Round "?"]
[White "Mindl, Josef"]
[Black "Celbr, Rudolf"]
[Result "1/2-1/2"]
[WhiteElo "1925"]
[BlackElo "2090"]
[PlyCount "70"]
[EventDate "2005.??.??"]
[EventType "corr"]
[SourceDate "2005.02.23"]

1. e4 e6 2. d3 d5 3. Nd2 Nf6 4. Ngf3 b6 5. c3 Be7 6. e5 Nfd7 7. d4 O-O 8. Bd3
c5 9. Qe2 a5 10. O-O Ba6 11. Bxa6 Nxa6 12. Re1 Qc7 13. a4 Rfc8 14. Nf1 Nf8 15.
Be3 Ng6 16. Rec1 cxd4 17. cxd4 Qb7 18. Qb5 Nb4 19. Bd2 Qa6 20. Qxa6 Nxa6 21. g3
Nb4 22. Bxb4 Bxb4 23. h4 Ne7 24. Ne3 Nc6 25. Rc2 Rc7 26. Rac1 Rac8 27. Kg2 Be7
28. g4 h6 29. g5 Kh7 30. Kg3 Bd8 31. Ng2 hxg5 32. hxg5 Be7 33. Nf4 g6 34. Nd3
Kg8 35. Nde1 Bd8 1/2-1/2

[Event "16PCR_ZK04"]
[Site "?"]
[Date "2005.??.??"]
[Round "?"]
[White "Mindl, Josef"]
[Black "Cvak, Rudolf"]
[Result "1-0"]
[WhiteElo "1925"]
[BlackElo "2040"]
[PlyCount "81"]
[EventDate "2005.??.??"]
[EventType "corr"]
[SourceDate "2005.02.23"]

1. e4 e5 2. Nf3 Nc6 3. Bb5 a6 4. Ba4 b5 5. Bb3 Nf6 6. O-O Bb7 7. Re1 Bc5 8. c3
d6 9. d4 Bb6 10. Be3 O-O 11. Nbd2 Re8 12. Qb1 Na5 13. Bc2 h6 14. Bd3 c5 15. d5
c4 16. Bxb6 Qxb6 17. Be2 Bc8 18. b3 Qc7 19. h3 Bd7 20. b4 Nb7 21. a4 Red8 22.
axb5 axb5 23. Qb2 Rdc8 24. Ra2 Qd8 25. Rea1 Nh5 26. Ra7 Nf4 27. Bf1 Rxa7 28.
Rxa7 Qb6 29. Qa2 f5 30. Ra6 Qc7 31. g3 fxe4 32. gxf4 exf3 33. Ra7 Qb6 34. Nxf3
exf4 35. Nd4 Kf8 36. Bg2 Re8 37. Kh2 g6 38. Qa6 Qxa6 39. Rxa6 Bf5 40. Rb6 Rd8
41. Rxb7 1-0

[Event "16PCR_ZK04"]
[Site "?"]
[Date "2005.??.??"]
[Round "?"]
[White "Mindl, Josef"]
[Black "Janovec, Vladimir"]
[Result "1-0"]
[WhiteElo "1925"]
[BlackElo "1870"]
[PlyCount "51"]
[EventDate "2005.??.??"]
[EventType "corr"]
[SourceDate "2005.02.23"]

1. e4 c5 2. Nf3 Nc6 3. Bb5 e5 4. O-O Nd4 5. Nxd4 cxd4 6. d3 Nf6 7. f4 exf4 8.
Bxf4 Qb6 9. Bc4 Qxb2 10. Nd2 d6 11. Nf3 Be7 12. Rb1 Qa3 13. Bb5+ Kf8 14. Bc4
Ng4 15. Nxd4 Qc5 16. c3 Bf6 17. Kh1 Bxd4 18. cxd4 Qxd4 19. Rxb7 f6 20. Rf7+ Ke8
21. Qa4+ Kd8 22. h3 Rb8 23. hxg4 Rb7 24. Rxb7 Bxb7 25. Rb1 Bc8 26. Qa5+ 1-0

[Event "16PCR_ZK04"]
[Site "?"]
[Date "2005.??.??"]
[Round "?"]
[White "Mindl, Josef"]
[Black "Lesak, Vaclav"]
[Result "1-0"]
[WhiteElo "1925"]
[BlackElo "1866"]
[PlyCount "31"]
[EventDate "2005.??.??"]
[EventType "corr"]
[SourceDate "2005.02.23"]

1. e4 Nf6 2. e5 Nd5 3. d4 d6 4. Nf3 dxe5 5. Nxe5 Nd7 6. Nf3 e6 7. c4 N5f6 8.
Nc3 b6 9. Be2 Bb4 10. O-O Bxc3 11. bxc3 O-O 12. Bg5 Bb7 13. Bd3 c5 14. Qe2 Re8
15. Rad1 Qc7 16. Ne5 1-0

[Event "16PCR_ZK04"]
[Site "?"]
[Date "2005.??.??"]
[Round "?"]
[White "Mindl, Josef"]
[Black "Ptacek, Jiri"]
[Result "1-0"]
[WhiteElo "1925"]
[BlackElo "1699"]
[PlyCount "49"]
[EventDate "2005.??.??"]
[EventType "corr"]
[SourceDate "2005.02.23"]

1. e4 e5 2. Nf3 Nf6 3. Nxe5 d6 4. Nf3 Nxe4 5. d4 d5 6. Bd3 Be7 7. O-O Nc6 8. c4
Nf6 9. Nc3 O-O 10. h3 h6 11. a3 a6 12. c5 b6 13. b4 Bb7 14. Re1 bxc5 15. bxc5
Re8 16. Rb1 Rb8 17. Bf4 Bf8 18. Rxe8 Nxe8 19. Qe2 Ba8 20. Rxb8 Qxb8 21. Nxd5 a5
22. Qe4 g6 23. Qxe8 Kg7 24. Be5+ f6 25. Qxg6+ 1-0

[Event "16PCR_ZK04"]
[Site "?"]
[Date "2005.??.??"]
[Round "?"]
[White "Mindl, Josef"]
[Black "Trs, Jan"]
[Result "1-0"]
[WhiteElo "1925"]
[BlackElo "2220"]
[PlyCount "59"]
[EventDate "2005.??.??"]
[EventType "corr"]
[SourceDate "2005.02.23"]

1. e4 c5 2. Nf3 d6 3. d4 cxd4 4. Nxd4 Nf6 5. Nc3 a6 6. Be3 e6 7. f3 b5 8. g4 h6
9. Qd2 Nbd7 10. O-O-O Bb7 11. h4 b4 12. Na4 Qa5 13. b3 Rc8 14. Kb1 d5 15. Bh3
dxe4 16. g5 Nd5 17. g6 Nc5 18. gxf7+ Kxf7 19. Nxc5 Bxc5 20. Bxe6+ Kf8 21. Bxd5
Bxd5 22. fxe4 Bf7 23. Rhf1 Bxd4 24. Bxd4 Qc7 25. Be5 Qxe5 26. Qd7 Kg8 27. Rxf7
Re8 28. Rd5 Qg3 29. Qxe8+ Kh7 30. Qe5 1-0

[Event "16PCR_ZK04"]
[Site "?"]
[Date "2005.??.??"]
[Round "?"]
[White "Ptacek, Jiri"]
[Black "Cvak, Rudolf"]
[Result "0-1"]
[WhiteElo "1699"]
[BlackElo "2040"]
[PlyCount "34"]
[EventDate "2005.??.??"]
[EventType "corr"]
[SourceDate "2005.02.23"]

1. e4 e5 2. Nf3 Nc6 3. d4 exd4 4. Nxd4 Bc5 5. Be3 Qf6 6. c3 Nge7 7. b4 Bb6 8.
Be2 d5 9. Qd3 Nxd4 10. Bxd4 Bxd4 11. cxd4 dxe4 12. Qxe4 Bd7 13. O-O O-O-O 14.
b5 Rhe8 15. Nc3 Ng6 16. Qd3 Nf4 17. Qd2 Qg5 0-1

[Event "16PCR_ZK04"]
[Site "?"]
[Date "2005.??.??"]
[Round "?"]
[White "Ptacek, Jiri"]
[Black "Janovec, Vladimir"]
[Result "0-1"]
[WhiteElo "1699"]
[BlackElo "1870"]
[PlyCount "42"]
[EventDate "2005.??.??"]
[EventType "corr"]
[SourceDate "2005.02.23"]

1. e4 e5 2. Nf3 Nc6 3. d4 exd4 4. Nxd4 Nf6 5. Nxc6 bxc6 6. Bg5 h6 7. Bxf6 Qxf6
8. c3 Bc5 9. Qf3 Qxf3 10. gxf3 Rb8 11. b4 Rxb4 12. cxb4 Bd4 13. Be2 Bxa1 14.
O-O Be5 15. Nd2 Bc3 16. Nb3 Bxb4 17. Rb1 Ke7 18. Nd4 Bc5 19. Nf5+ Kf6 20. Rb8
Rf8 21. Ba6 Bxa6 0-1

[Event "16PCR_ZK04"]
[Site "?"]
[Date "2005.??.??"]
[Round "?"]
[White "Ptacek, Jiri"]
[Black "Lesak, Vaclav"]
[Result "1-0"]
[WhiteElo "1699"]
[BlackElo "1866"]
[PlyCount "33"]
[EventDate "2005.??.??"]
[EventType "corr"]
[SourceDate "2005.02.23"]

1. e4 c5 2. Nf3 e6 3. d4 cxd4 4. Nxd4 Nf6 5. Nc3 Bb4 6. Bg5 Bxc3+ 7. bxc3 h6 8.
Bxf6 Qxf6 9. Qf3 Qe5 10. Be2 O-O 11. O-O b6 12. Qe3 Bb7 13. Bf3 d6 14. Ne2 Nd7
15. Rfd1 Nf6 16. Ng3 Rad8 17. Qd4 1-0

[Event "16PCR_ZK04"]
[Site "?"]
[Date "2005.??.??"]
[Round "?"]
[White "Ptacek, Jiri"]
[Black "Mindl, Josef"]
[Result "0-1"]
[WhiteElo "1699"]
[BlackElo "1925"]
[PlyCount "52"]
[EventDate "2005.??.??"]
[EventType "corr"]
[SourceDate "2005.02.23"]

1. e4 c5 2. Nf3 Nc6 3. d4 cxd4 4. Nxd4 Nf6 5. Nc3 e5 6. Nxc6 bxc6 7. Bg5 Rb8 8.
Rb1 h6 9. Bh4 Qa5 10. Bxf6 Rxb2 11. Bxe5 Qxe5 12. Rxb2 Qxc3+ 13. Qd2 Qxb2 14.
c3 Qa1+ 15. Qd1 Qxc3+ 16. Qd2 Qa1+ 17. Ke2 Ba6+ 18. Kf3 Bxf1 19. Kg3 Bc5 20. h4
O-O 21. Qxd7 Qe5+ 22. f4 Qc3+ 23. Kh2 Bxg2 24. Kxg2 Rb8 25. Rd1 Rb2+ 26. Kh1
Qf3# 0-1

[Event "16PCR_ZK04"]
[Site "?"]
[Date "2005.??.??"]
[Round "?"]
[White "Trs, Jan"]
[Black "Celbr, Rudolf"]
[Result "1-0"]
[WhiteElo "2220"]
[BlackElo "2090"]
[PlyCount "45"]
[EventDate "2005.??.??"]
[EventType "corr"]
[SourceDate "2005.02.23"]

1. d4 Nf6 2. c4 e6 3. Nf3 c5 4. d5 exd5 5. cxd5 d6 6. Nc3 g6 7. e4 Bg7 8. h3
O-O 9. Bd3 Re8 10. O-O c4 11. Bc2 b5 12. Nxb5 Nxe4 13. Bxe4 Rxe4 14. Bg5 Qb6
15. a4 Bf5 16. Nd2 Bxb2 17. Nxe4 Bxe4 18. Re1 f5 19. Rb1 Be5 20. a5 Qxa5 21.
Rxe4 fxe4 22. Qg4 Kg7 23. Qe6 1-0

[Event "16PCR_ZK04"]
[Site "?"]
[Date "2005.??.??"]
[Round "?"]
[White "Trs, Jan"]
[Black "Lesak, Vaclav"]
[Result "1-0"]
[WhiteElo "2220"]
[BlackElo "1866"]
[PlyCount "33"]
[EventDate "2005.??.??"]
[EventType "corr"]
[SourceDate "2005.02.23"]

1. c4 e5 2. Nc3 Nc6 3. g3 Nf6 4. Nf3 d5 5. cxd5 Nxd5 6. Bg2 Nxc3 7. bxc3 e4 8.
Ng1 f5 9. Nh3 Qd6 10. O-O h5 11. d3 Be7 12. dxe4 fxe4 13. Rb1 h4 14. Qxd6 Bxd6
15. Ng5 hxg3 16. hxg3 Bf4 17. Bxf4 1-0

[Event "16PCR_ZK04"]
[Site "?"]
[Date "2005.??.??"]
[Round "?"]
[White "Trs, Jan"]
[Black "Ptacek, Jiri"]
[Result "1-0"]
[WhiteElo "2220"]
[BlackElo "1699"]
[PlyCount "49"]
[EventDate "2005.??.??"]
[EventType "corr"]
[SourceDate "2005.02.23"]

1. e4 e5 2. Nf3 Nf6 3. d4 Nxe4 4. Bd3 d5 5. Nxe5 Bd6 6. O-O O-O 7. c4 Bxe5 8.
dxe5 Nc6 9. Bf4 Bf5 10. f3 dxc4 11. Bxe4 Bxe4 12. fxe4 Qxd1 13. Rxd1 Rad8 14.
Na3 Rxd1+ 15. Rxd1 Nb4 16. Nxc4 Nxa2 17. Na5 b6 18. Nc6 a5 19. Ne7+ Kh8 20. e6
fxe6 21. Bxc7 Nb4 22. Bxb6 Na6 23. Bxa5 Nc5 24. Bb4 g6 25. Bc3+ 1-0

[Event "16PCR_ZK04"]
[Site "?"]
[Date "2005.??.??"]
[Round "?"]
[White "Vyvial, Vaclav"]
[Black "Lesak, Vaclav"]
[Result "1-0"]
[WhiteElo "1687"]
[BlackElo "1866"]
[PlyCount "29"]
[EventDate "2005.??.??"]
[EventType "corr"]
[SourceDate "2005.02.23"]

1. Nf3 d5 2. d4 e6 3. c4 Nf6 4. Bg5 Bb4+ 5. Nc3 dxc4 6. Qa4+ Nc6 7. O-O-O Bxc3
8. bxc3 Qd5 9. Bxf6 gxf6 10. e3 b5 11. Qc2 Ne7 12. Be2 Bb7 13. g3 Qd6 14. Qb2
Bc6 15. h3 1-0

[Event "16PCR_ZK04"]
[Site "?"]
[Date "2005.??.??"]
[Round "?"]
[White "Vyvial, Vaclav"]
[Black "Mindl, Josef"]
[Result "0-1"]
[WhiteElo "1687"]
[BlackElo "1925"]
[PlyCount "48"]
[EventDate "2005.??.??"]
[EventType "corr"]
[SourceDate "2005.02.23"]

1. c4 e5 2. Nc3 Nc6 3. Nf3 Nf6 4. g3 Bb4 5. Bg2 O-O 6. O-O Bxc3 7. bxc3 Re8 8.
d4 e4 9. Nd2 d5 10. cxd5 Qxd5 11. a4 Qh5 12. Rb1 a6 13. Nc4 b6 14. Qc2 Bh3 15.
Bxh3 Qxh3 16. Ne3 Rad8 17. Rd1 Rd5 18. f4 Rh5 19. Nf1 e3 20. Qd3 Ng4 21. Ba3
Nf2 22. Qc4 Na5 23. Qxc7 Qe6 24. Nd2 Rxh2 0-1

[Event "16PCR_ZK04"]
[Site "?"]
[Date "2005.??.??"]
[Round "?"]
[White "Ptacek, Jiri"]
[Black "Trs, Jan"]
[Result "0-1"]
[WhiteElo "1699"]
[BlackElo "2220"]
[PlyCount "56"]
[EventDate "2005.??.??"]
[EventType "corr"]
[SourceDate "2005.02.23"]

1. e4 c5 2. Nf3 d6 3. Bb5+ Bd7 4. Bxd7+ Qxd7 5. Nc3 Nc6 6. O-O g6 7. b3 Bg7 8.
Bb2 f5 9. exf5 gxf5 10. Rb1 e5 11. d3 Nf6 12. Re1 O-O 13. a3 Rae8 14. h3 e4 15.
dxe4 fxe4 16. Nh2 d5 17. Ne2 Qf7 18. Ng3 d4 19. Qd2 Qg6 20. Qe2 e3 21. fxe3
Qxg3 22. Nf1 Qh4 23. Qc4+ Kh8 24. Qxc5 Ne4 25. Qc4 Qf2+ 26. Kh1 Ng3+ 27. Nxg3
Qxg3 28. Re2 Be5 0-1

[Event "16PCR_ZK04"]
[Site "?"]
[Date "2005.??.??"]
[Round "?"]
[White "Ptacek, Jiri"]
[Black "Vyvial, Vaclav"]
[Result "0-1"]
[WhiteElo "1699"]
[BlackElo "1687"]
[PlyCount "66"]
[EventDate "2005.??.??"]
[EventType "corr"]
[SourceDate "2005.02.23"]

1. e4 e6 2. d4 d5 3. e5 c5 4. c3 Nc6 5. Nf3 Qb6 6. a3 c4 7. g3 Na5 8. Nbd2 Bd7
9. Bg2 O-O-O 10. O-O Be7 11. Re1 h5 12. h4 Nh6 13. Bh3 Qc7 14. Qc2 g6 15. Rb1
Nf5 16. Bxf5 gxf5 17. b4 cxb3 18. Nxb3 Ba4 19. Nfd2 Rhg8 20. Qd3 Nxb3 21. Nxb3
Bxh4 22. Kh2 Be7 23. Bf4 h4 24. Nd2 hxg3+ 25. fxg3 Rg4 26. Kg2 Rdg8 27. Kf2 Bh4
28. Nf1 Rxf4+ 29. Ke3 Rxf1 30. Qxf1 Qxc3+ 31. Kf2 Qxg3+ 32. Ke2 Qh2+ 33. Ke3
Rg3+ 0-1

[Event "16PCR_ZK04"]
[Site "?"]
[Date "2005.??.??"]
[Round "?"]
[White "Trs, Jan"]
[Black "Janovec, Vladimir"]
[Result "1-0"]
[WhiteElo "2220"]
[BlackElo "1870"]
[PlyCount "54"]
[EventDate "2005.??.??"]
[EventType "corr"]
[SourceDate "2005.02.23"]

1. e4 e6 2. d4 d5 3. Nc3 dxe4 4. Nxe4 Bd7 5. Nf3 Nc6 6. c3 h6 7. Bf4 Be7 8. Qe2
Nb8 9. Ne5 Nf6 10. Nxf6+ Bxf6 11. Qh5 Rf8 12. O-O-O Nc6 13. Nxd7 Qxd7 14. d5
exd5 15. Rxd5 Qe6 16. Bb5 Rd8 17. Rdd1 Be7 18. Rde1 Qf6 19. Bxc6+ bxc6 20. Re4
Rd5 21. Qe2 Kd7 22. c4 Rc5 23. Rd1+ Bd6 24. Be5 Qg6 25. Bxd6 cxd6 26. b4 Rh5
27. c5 Rxc5+ 1-0

[Event "16PCR_ZK04"]
[Site "?"]
[Date "2005.??.??"]
[Round "?"]
[White "Celbr, Rudolf"]
[Black "Cvak, Rudolf"]
[Result "0-1"]
[WhiteElo "2090"]
[BlackElo "2040"]
[PlyCount "86"]
[EventDate "2005.??.??"]
[EventType "corr"]
[SourceDate "2005.02.23"]

1. c4 Nf6 2. Nc3 g6 3. d4 Bg7 4. e4 d6 5. Nf3 O-O 6. Be2 e5 7. O-O Nbd7 8. Re1
exd4 9. Nxd4 Re8 10. f3 h6 11. Be3 Ne5 12. Qd2 Kh7 13. Rad1 a6 14. b3 Bd7 15.
Nc2 Be6 16. Nb4 Rb8 17. Ncd5 Rc8 18. Nxf6+ Qxf6 19. Nd5 Qd8 20. Bd4 c5 21. Bc3
Bxd5 22. Qxd5 Qc7 23. Qd2 Nc6 24. Bxg7 Kxg7 25. Qxd6 Nd4 26. Qxc7 Rxc7 27. Rd2
f5 28. Bd3 f4 29. Bb1 b6 30. Red1 Kf6 31. a3 Ke5 32. Kf1 Rd8 33. Rd3 g5 34.
R1d2 h5 35. h3 a5 36. Ba2 Rg7 37. Rc3 Rh8 38. b4 g4 39. hxg4 hxg4 40. fxg4 Rxg4
41. bxc5 bxc5 42. Rcd3 a4 43. Kf2 Rhg8 0-1

[Event "16PCR_ZK04"]
[Site "?"]
[Date "2005.??.??"]
[Round "?"]
[White "Trs, Jan"]
[Black "Vyvial, Vaclav"]
[Result "1-0"]
[WhiteElo "2220"]
[BlackElo "1687"]
[PlyCount "75"]
[EventDate "2005.??.??"]
[EventType "corr"]
[SourceDate "2005.02.23"]

1. d4 d5 2. c4 c6 3. Nf3 Nf6 4. Nc3 dxc4 5. a4 Bf5 6. e3 e6 7. a5 Bd3 8. Bxd3
cxd3 9. Qb3 Qc7 10. O-O Na6 11. Rd1 Rd8 12. e4 Nb4 13. Ra4 Qe7 14. Bg5 h6 15.
Bxf6 gxf6 16. Na2 Na6 17. Nc1 Bg7 18. Nxd3 Rg8 19. Raa1 Rd7 20. Nc5 Nxc5 21.
dxc5 a6 22. Rd6 Rxd6 23. cxd6 Qd7 24. Rd1 Bf8 25. e5 f5 26. Ne1 c5 27. Rc1 f6
28. Nd3 fxe5 29. Nxc5 Qxd6 30. Nxe6 Qd2 31. Rd1 Qxa5 32. Nf4 Rg7 33. Qe6+ Re7
34. Qg6+ Rf7 35. Nh5 Be7 36. Ng7+ Kf8 37. Ne6+ Ke8 38. Qg8+ 1-0